Faith and frivolity. (Record no. 54391)
[ view plain ]
| 000 -LEADER | |
|---|---|
| fixed length control field | 00515cam a22002051 4500 |
| 001 - CONTROL NUMBER | |
| control field | sa 63002297 |
| 003 - CONTROL NUMBER IDENTIFIER | |
| control field | DLC |
| 005 - DATE AND TIME OF LATEST TRANSACTION | |
| control field | 20260227111933.0 |
| 008 - FIXED-LENGTH DATA ELEMENTS--GENERAL INFORMATION | |
| fixed length control field | 790322s1962 ii 000 0 eng |
| 010 ## - LIBRARY OF CONGRESS CONTROL NUMBER | |
| LC control number | sa 63002297 |
| 035 ## - SYSTEM CONTROL NUMBER | |
| System control number | (OCoLC)4768518 |
| 040 ## - CATALOGING SOURCE | |
| Original cataloging agency | DLC |
| Transcribing agency | NmLcU |
| Modifying agency | OCoLC |
| -- | DLC |
| 042 ## - AUTHENTICATION CODE | |
| Authentication code | premarc |
| 050 00 - LIBRARY OF CONGRESS CALL NUMBER | |
| Classification number | AC8 |
| Item number | .K828 |
| 100 1# - MAIN ENTRY--PERSONAL NAME | |
| Personal name | Kripalani, Krishna, |
| Dates associated with a name | 1907-1993. |
| 245 10 - TITLE STATEMENT | |
| Title | Faith and frivolity. |
| 250 ## - EDITION STATEMENT | |
| Edition statement | [1st ed.] |
| 260 ## - PUBLICATION, DISTRIBUTION, ETC. | |
| Place of publication, distribution, etc. | New Delhi, |
| Name of publisher, distributor, etc. | Malancha |
| Date of publication, distribution, etc. | [1962] |
| 300 ## - PHYSICAL DESCRIPTION | |
| Extent | 218 p. |
| Dimensions | 22 cm. |
No items available.